000 00304nam a22001217a 4500
008 180425b xxu||||| |||| 00| 0 eng d
041 _aeng
080 _a043.3
100 _a0
101 _aSHJ-BTH
245 _aKorniza ligjore e Kosovës për sektorin e ndërtimtarisë
_cGrazhdani,D
942 _2udc
_cBK
999 _c45525
_d45525